Gaming Quiz

Random Gaming or Pokémon Quiz

Pokémon Red/Blue Mini Minefields Quiz Stats

Quiz Updated Oct 7, 2014

Also try: Pokémon Types
Challenge
Share
Tweet
Embed
Score 0/48 Timer 08:00
0 Plays Today
% Correct
???
91.9%
???
91.9%
???
91.9%
???
91.8%
???
39.8%
???
39.8%
???
39.8%
???
39.8%
???
32.9%
???
32.9%
???
32.9%
???
32.9%
???
26.7%
???
26.8%
???
26.8%
???
26.8%
???
25.8%
???
25.8%
???
25.8%
???
25.8%
???
22.1%
???
22.1%
???
22.1%
???
22.1%
% Correct
???
20.4%
???
20.4%
???
20.4%
???
20.4%
???
19.4%
???
19.5%
???
19.5%
???
19.5%
???
17.3%
???
17.3%
???
17.3%
???
17.3%
???
15.8%
???
15.8%
???
15.8%
???
15.8%
???
14.6%
???
14.6%
???
14.6%
???
14.6%
???
14.5%
???
14.5%
???
14.5%
???
14.5%

You're not logged in!

Compare scores with friends on all Sporcle quizzes.
Sign Up with Email
OR
Log In

You Might Also Like...

Show Comments

Extras

Top Quizzes Today


Score Distribution

Your Account Isn't Verified!

In order to create a playlist on Sporcle, you need to verify the email address you used during registration. Go to your Sporcle Settings to finish the process.